00337nam a22001097a 4500040000900000082001200009100001400021110003300035245010200068260004400170650001300214 cNUST a200 THE aHuba Rana aSupervisor Dr. Afshan Naseem aTH-SOF-1997-Green Supply Chain Learning Model for Sustainable Performance in Manufacturing Sector aISLAMABAD:bNUST COLLEGE OF EME,c2022. aMS-EM-20